| 000 | 00410nam a2200157 4500 | ||
|---|---|---|---|
| 999 |
_c6460 _d6458 |
||
| 005 | 20210831152250.0 | ||
| 008 | 200523b xxu||||| |||| 00| 0 eng d | ||
| 041 | _aeng | ||
| 082 | _a340 | ||
| 100 |
_aBARE ACT _95744 |
||
| 245 | _aTHE WAREHOUSING (DEVELOPMENT AND REGULATIONS ACT 2007 (37 OF 2007) | ||
| 260 |
_aDELHI _bPROFESSIONAL BOOK PUBLISHERS |
||
| 300 | _a135p, | ||
| 650 |
_aLAW _95701 |
||
| 942 | _cBK | ||